[Event "VI Sunway Sitges Open 2019"]
[Site "Sitges"]
[Date "2019.12.20"]
[Round "8.36"]
[White "Pogonina, Natalija"]
[Black "Milikow, Elie"]
[Result "1-0"]
[WhiteElo "2479"]
[BlackElo "2035"]
[Annotator "ChessBase"]
[PlyCount "98"]
[EventDate "2019.12.13"]
[EventType "swiss"]
[EventCountry "ESP"]
[SourceTitle "playchess.com"]
[Source "ChessBase"]
[SourceQuality "1"]
[TimeControl "40/5400+30:1800+30"]

1. d4 {[%emt 0:00:00]} Nf6 {[%emt 0:00:00]} 2. c4 {[%emt 0:00:00]} g6 {[%emt 0:00:00]} 3. Nc3 {[%emt 0:03:16]} Bg7 {[%emt 0:00:00]} 4. Nf3 {[%emt 0:01:23]} O-O {[%emt 0:03:38]} 5. Bg5 {[%emt 0:07:47]} h6 {[%emt 0:03:46]} 6. Bh4 {[%emt 0:00:29]} g5 {[%emt 0:02:02]} 7. Bg3 {[%emt 0:00:04]} Nh5 {[%emt 0:00:41]} 8. e3 {[%emt 0:03:44]} Nxg3 {[%emt 0:01:58]} 9. hxg3 {[%emt 0:00:04]} d6 {[%emt 0:04:23]} 10. Qc2 {[%emt 0:02:12]} e6 {[%emt 0:03:13]} 11. Bd3 {[%emt 0:09:21]} Nc6 {[%emt 0:17:20]} 12. a3 {[%emt 0:01:01]} f5 {[%emt 0:05:02]} 13. d5 {[%emt 0:13:41]} Ne5 {[%emt 0:01:51]} 14. Nxe5 {[%emt 0:00:26]} dxe5 {[%emt 0:00:13]} 15. e4 {[%emt 0:02:29]} f4 {[%emt 0:03:21]} 16. O-O-O {[%emt 0:01:17]} fxg3 {[%emt 0:06:20]} 17. fxg3 {[%emt 0:01:38]} Qe7 {[%emt 0:01:45]} 18. Kb1 {[%emt 0:06:46]} Bd7 {[%emt 0:08:16]} 19. Be2 {[%emt 0:01:29]} Rf2 {[%emt 0:02:53]} 20. Qd3 {[%emt 0:01:32]} Raf8 {[%emt 0:04:13]} 21. Qe3 {[%emt 0:07:55]} b6 {[%emt 0:01:14]} 22. d6 {[%emt 0:04:06]} cxd6 {[%emt 0:03:25]} 23. Bf3 {[%emt 0:00:08]} R2xf3 {[%emt 0:07:35]} 24. gxf3 {[%emt 0:00:04]} Rf7 {[%emt 0:01:48]} 25. Rhf1 {[%emt 0:03:35]} Bc6 {[%emt 0:05:38]} 26. Rf2 {[%emt 0:09:52]} Qf8 {[%emt 0:03:50]} 27. Qd3 {[%emt 0:03:48]} Rd7 {[%emt 0:00:13]} 28. Rfd2 {[%emt 0:00:11]} Qf6 {[%emt 0:04:07]} 29. Qe3 {[%emt 0:00:34]} Bf8 {[%emt 0:00:16]} 30. Rd3 {[%emt 0:04:34]} Rf7 {[%emt 0:00:36]} 31. g4 {[%emt 0:00:25]} Qg6 {[%emt 0:01:23]} 32. Ka1 {[%emt 0:00:51]} Be7 {[%emt 0:01:38]} 33. a4 {[%emt 0:05:01]} Bf8 {[%emt 0:00:24]} 34. Nb5 {[%emt 0:00:27]} Bxb5 {[%emt 0:00:12]} 35. cxb5 {[%emt 0:00:18]} Qf6 {[%emt 0:01:21]} 36. Rc1 {[%emt 0:00:58]} Kg7 {[%emt 0:01:15]} 37. Rc6 {[%emt 0:00:18]} Kg8 {[%emt 0:00:52]} 38. Rdc3 {[%emt 0:01:00]} Qg7 {[%emt 0:00:46]} 39. Qd3 {[%emt 0:02:35]} Rd7 {[%emt 0:00:48]} 40. Qc2 {[%emt 0:00:00]} Qf7 {[%emt 0:00:00]} 41. Rc7 {[%emt 0:03:04]} Rxc7 {[%emt 0:01:07]} 42. Rxc7 {[%emt 0:00:05]} Qxf3 {[%emt 0:00:07]} 43. Rxa7 {[%emt 0:00:14]} h5 {[%emt 0:03:57]} 44. Qc7 {[%emt 0:01:17]} Be7 {[%emt 0:00:28]} 45. Qxe7 {[%emt 0:00:21]} Qf1+ {[%emt 0:00:51]} 46. Ka2 {[%emt 0:00:09]} Qc4+ {[%emt 0:00:07]} 47. Ka3 {[%emt 0:01:26]} Qc5+ {[%emt 0:00:11]} 48. Kb3 {[%emt 0:00:06]} Qe3+ {[%emt 0:00:12]} 49. Ka2 {[%emt 0:00:08]} Qf3 {[%emt 0:00:34]} 1-0

[Event "VI Sunway Sitges Open 2019"]
[Site "Sitges"]
[Date "2019.12.20"]
[Round "8.37"]
[White "Bryakin, Mikhail"]
[Black "Kulaots, Kaido"]
[Result "1/2-1/2"]
[WhiteElo "2428"]
[BlackElo "2538"]
[Annotator "ChessBase"]
[PlyCount "81"]
[EventDate "2019.12.13"]
[EventType "swiss"]
[EventCountry "ESP"]
[SourceTitle "playchess.com"]
[Source "ChessBase"]
[SourceQuality "1"]
[TimeControl "40/5400+30:1800+30"]

1. Nf3 {[%emt 0:00:00]} Nf6 {[%emt 0:00:30]} 2. c4 {[%emt 0:00:00]} b6 {[%emt 0:00:27]} 3. g3 {[%emt 0:00:16]} Bb7 {[%emt 0:00:16]} 4. Bg2 {[%emt 0:00:10]} g6 {[%emt 0:01:18]} 5. b3 {[%emt 0:00:20]} Bg7 {[%emt 0:02:00]} 6. Bb2 {[%emt 0:00:15]} O-O {[%emt 0:00:40]} 7. O-O {[%emt 0:00:22]} e6 {[%emt 0:02:25]} 8. e3 {[%emt 0:05:21]} d5 {[%emt 0:00:44]} 9. cxd5 {[%emt 0:05:36]} exd5 {[%emt 0:00:14]} 10. Nc3 {[%emt 0:05:55]} Nbd7 {[%emt 0:04:49]} 11. d4 {[%emt 0:00:46]} Qe7 {[%emt 0:05:06]} 12. Qe2 {[%emt 0:02:40]} Ne4 {[%emt 0:06:05]} 13. Rac1 {[%emt 0:04:56]} c6 {[%emt 0:04:44]} 14. Nxe4 {[%emt 0:04:35]} dxe4 {[%emt 0:00:17]} 15. Nd2 {[%emt 0:00:38]} c5 {[%emt 0:05:21]} 16. Ba3 {[%emt 0:01:07]} Rfd8 {[%emt 0:04:51]} 17. Rfd1 {[%emt 0:03:31]} Rac8 {[%emt 0:11:57]} 18. dxc5 {[%emt 0:09:15]} Nxc5 {[%emt 0:01:39]} 19. Bxc5 {[%emt 0:00:53]} bxc5 {[%emt 0:01:36]} 20. Nc4 {[%emt 0:00:30]} h5 {[%emt 0:11:37]} 21. Rxd8+ {[%emt 0:01:59]} Rxd8 {[%emt 0:00:21]} 22. Rd1 {[%emt 0:00:14]} Rd5 {[%emt 0:03:30]} 23. h4 {[%emt 0:02:20]} Qd7 {[%emt 0:05:17]} 24. Rxd5 {[%emt 0:00:37]} Bxd5 {[%emt 0:01:28]} 25. Bf1 {[%emt 0:02:07]} Be6 {[%emt 0:03:14]} 26. Qc2 {[%emt 0:03:52]} Bd5 {[%emt 0:05:57]} 27. Nd2 {[%emt 0:01:53]} Qe7 {[%emt 0:00:19]} 28. Bg2 {[%emt 0:04:03]} f5 {[%emt 0:00:21]} 29. Bf1 {[%emt 0:00:58]} Kh7 {[%emt 0:00:28]} 30. Bc4 {[%emt 0:00:22]} Bb7 {[%emt 0:00:17]} 31. Be2 {[%emt 0:01:18]} Bf6 {[%emt 0:02:05]} 32. Nc4 {[%emt 0:00:41]} Qd8 {[%emt 0:00:55]} 33. Kf1 {[%emt 0:02:12]} Bc6 {[%emt 0:02:51]} 34. Ke1 {[%emt 0:00:59]} Kg7 {[%emt 0:00:40]} 35. Qc1 {[%emt 0:03:27]} Bd5 {[%emt 0:01:34]} 36. Qd2 {[%emt 0:03:07]} Bxc4 {[%emt 0:01:55]} 37. Bxc4 {[%emt 0:00:44]} Qxd2+ {[%emt 0:00:08]} 38. Kxd2 {[%emt 0:00:13]} Be5 {[%emt 0:00:11]} 39. Ke2 {[%emt 0:00:06]} Bb2 {[%emt 0:00:08]} 40. Kd2 {[%emt 0:00:00]} Be5 {[%emt 0:00:00]} 41. Ke2 {[%emt 0:00:07]} 1/2-1/2

[Event "VI Sunway Sitges Open 2019"]
[Site "Sitges"]
[Date "2019.12.20"]
[Round "8.38"]
[White "Petrosyan, Manuel"]
[Black "Mieles Palau, Daniel"]
[Result "1-0"]
[WhiteElo "2613"]
[BlackElo "2382"]
[Annotator "TA"]
[PlyCount "151"]
[EventDate "2019.12.13"]
[EventType "swiss"]
[EventCountry "ESP"]
[SourceTitle "playchess.com"]
[Source "ChessBase"]
[SourceQuality "1"]

{[%evp 11,151,33,37,4,-6,-34,-26,-32,0,0,0,-33,-5,-15,-12,-16,-6,-6,-13,-53,-35,-40,0,0,0,0,0,0,0,0,0,-10,-10,-12,-8,-34,-38,-35,0,0,17,17,9,18,12,14,9,0,8,0,0,0,0,0,0,0,0,0,0,0,8,8,8,8,8,8,8,8,8,8,8,8,8,8,8,8,8,8,8,8,8,0,8,8,8,8,8,8,8,8,33,33,33,33,33,33,33,33,33,33,33,33,33,33,33,33,197,128,572,97,496,258,258,97,97,97,193,54,255,0,0,0,0,0,0,0,0,0,0,0,0,0,0,0,29959,29962,29964,29965,29973,29974,29969,0]} 1. d4 d5 2. c4 e6 3. Nf3 Nf6 4. g3 dxc4 5. Bg2 b5 6. a4 c6 7. O-O {E04: Open Catalan: 5 Nf3} Bb7 8. b3 (8. Ne5 a6 9. Nc3 Nd5 10. e4 Nxc3 11. bxc3 Be7 12. Rb1 Qc8 13. Qg4 g6 14. f4 Nd7 15. f5 Nxe5 16. dxe5 h5 17. Qf3 exf5 18. exf5 Qxf5 19. Qxc6+ Bxc6 20. Bxc6+ {½-½ (78) Inarkiev,E (2689)-Piorun,K (2651) Katowice 2017}) 8... cxb3 9. Nbd2 {Black has an edge.} Be7 $146 ({Predecessor:} 9... Nbd7 10. Nxb3 a6 11. Bg5 Be7 12. Ne5 Nd5 13. Bxe7 Qxe7 14. Nxd7 Qxd7 {½-½ (40) Romanishin,O (2547)-Hoffmann,M (2471) Figueira da Foz 2007}) 10. Nxb3 Nbd7 11. Ne1 {Black should prevent axb5.} b4 12. a5 Ba6 13. Nd3 O-O 14. Qc2 Rc8 15. Rd1 Nd5 16. Bb2 Bxd3 17. Qxd3 c5 18. Bxd5 $1 exd5 19. dxc5 Nxc5 20. Nxc5 Bxc5 21. Qxd5 Qxd5 22. Rxd5 Rfd8 23. Rad1 Rxd5 24. Rxd5 $15 {[%mdl 4096] Endgame KRB-KRB} Bf8 25. Rb5 Rc5 26. Rxb4 Rxa5 27. Rb8 f6 28. Bd4 a6 29. Ra8 Kf7 30. Ra7+ Ke6 31. g4 Ra2 32. e3 a5 33. h4 a4 34. h5 h6 35. Ra6+ Kf7 36. Kg2 a3 37. Kg3 Rc2 38. f3 Rc7 39. Kf4 Rb7 40. Ke4 Be7 41. f4 Rd7 42. Ra5 Bb4 43. Ra4 Be7 44. Ra6 Rb7 45. Ra8 Rd7 46. Rb8 Bd6 47. Rb5 Be7 48. Kd3 Rc7 49. Ra5 Bb4 50. Ra6 Be7 51. e4 Rc1 52. e5 fxe5 53. fxe5 {e6+ is the strong threat.} Bc5 54. Bxc5 Rxc5 $14 {KR-KR} 55. Kd4 Rc1 56. Rxa3 Rd1+ 57. Ke4 {Strongly threatening Kf4.} Re1+ 58. Kf4 {Black must now prevent Ra7+.} Rf1+ $2 {[#]} ({Better is} 58... Rd1 $1 $14) 59. Rf3 $1 $18 {[%cal Rf3f1]} Re1 $2 {[%mdl 8192]} (59... Ra1 $16 {is more resistant.}) 60. Kf5 Re2 61. Rf1 (61. Rf4 $142 Re1 62. Rf2) 61... Re3 62. Ra1 $2 (62. Rf4 $18 {is more deadly.}) 62... Rf3+ $16 63. Ke4 Rb3 {[#]} (63... Rc3 $16 64. Rd1 Rc7) 64. Kf4 ({Only move:} 64. Rd1 $1 $18) 64... g5+ $2 ({Black should try} 64... Rd3 $1 $14) 65. hxg6+ $2 (65. Kf5 $18 Rf3+ 66. Ke4 Rf4+ 67. Kd5 Rxg4 68. e6+ Kf8 69. Ra8+ Ke7 70. Ra7+ Kf8 71. Rf7+ Ke8 72. Rf6) 65... Kxg6 $11 66. Ra6+ Kg7 67. Rd6 Rb1 68. Kf5 Rf1+ 69. Ke6 Rf4 70. Kd7 {aiming for e6.} Rxg4 71. e6 Re4 72. Ke8 Ra4 $2 {[%mdl 8192]} (72... h5 $11) 73. e7 {White mates.} Ra8+ 74. Rd8 Ra2 75. Kd7 Ra7+ 76. Ke8 $2 {[%mdl 32768] Accuracy: White = 65%, Black = 65%. . Sensor Board Error (Ke4/e5)?} (76. Kd6 {mates} Ra6+ 77. Kd5 Ra5+ 78. Ke4 Ra4+ 79. Kd3 Ra3+ 80. Ke4 Ra4+ 81. Kd3 Ra3+ 82. Ke2 Ra2+ 83. Kd3 Ra3+) 1-0

[Event "VI Sunway Sitges Open 2019"]
[Site "Sitges"]
[Date "2019.12.20"]
[Round "8.39"]
[White "Stefansson, Hannes"]
[Black "Vaishali R"]
[Result "1/2-1/2"]
[WhiteElo "2538"]
[BlackElo "2376"]
[Annotator "ChessBase"]
[PlyCount "105"]
[EventDate "2019.12.13"]
[EventType "swiss"]
[EventCountry "ESP"]
[SourceTitle "playchess.com"]
[Source "ChessBase"]
[SourceQuality "1"]
[TimeControl "40/5400+30:1800+30"]

1. e4 {[%emt 0:00:00]} c5 {[%emt 0:00:17]} 2. Nf3 {[%emt 0:00:00]} Nc6 {[%emt 0:00:04]} 3. d4 {[%emt 0:00:07]} cxd4 {[%emt 0:00:04]} 4. Nxd4 {[%emt 0:00:08]} Nf6 {[%emt 0:00:07]} 5. Nc3 {[%emt 0:00:19]} d6 {[%emt 0:00:13]} 6. Bg5 {[%emt 0:00:33]} e6 {[%emt 0:00:05]} 7. Qd2 {[%emt 0:00:27]} a6 {[%emt 0:00:06]} 8. O-O-O {[%emt 0:00:38]} Be7 {[%emt 0:00:04]} 9. Bxf6 {[%emt 0:01:06]} gxf6 {[%emt 0:00:20]} 10. f4 {[%emt 0:00:40]} Nxd4 {[%emt 0:01:05]} 11. Qxd4 {[%emt 0:00:29]} Qa5 {[%emt 0:00:20]} 12. Kb1 {[%emt 0:04:07]} Qc5 {[%emt 0:01:34]} 13. Qd2 {[%emt 0:02:44]} Bd7 {[%emt 0:04:00]} 14. Bd3 {[%emt 0:02:57]} O-O-O {[%emt 0:07:28]} 15. f5 {[%emt 0:01:44]} h5 {[%emt 0:03:49]} 16. Ne2 {[%emt 0:05:03]} Bf8 {[%emt 0:23:29]} 17. Rhf1 {[%emt 0:04:27]} Bh6 {[%emt 0:01:56]} 18. Qe1 {[%emt 0:00:13]} Qe5 {[%emt 0:08:21]} 19. g3 {[%emt 0:02:57]} Bc6 {[%emt 0:09:30]} 20. Qf2 {[%emt 0:09:35]} Bg7 {[%emt 0:10:33]} 21. Nf4 {[%emt 0:01:41]} exf5 {[%emt 0:06:13]} 22. exf5 {[%emt 0:00:38]} Bh6 {[%emt 0:04:22]} 23. Rde1 {[%emt 0:07:24]} Qc5 {[%emt 0:01:23]} 24. Qxc5 {[%emt 0:05:51]} dxc5 {[%emt 0:00:03]} 25. Re7 {[%emt 0:00:23]} h4 {[%emt 0:03:56]} 26. Rxf7 {[%emt 0:01:00]} hxg3 {[%emt 0:01:14]} 27. hxg3 {[%emt 0:00:05]} Bxf4 {[%emt 0:01:25]} 28. gxf4 {[%emt 0:00:05]} Bd5 {[%emt 0:01:10]} 29. Rxf6 {[%emt 0:00:45]} c4 {[%emt 0:00:07]} 30. Be2 {[%emt 0:00:17]} Rh2 {[%emt 0:00:46]} 31. Bg4 {[%emt 0:08:49]} Be4 {[%emt 0:01:04]} 32. Re6 {[%emt 0:00:27]} Bxc2+ {[%emt 0:00:31]} 33. Ka1 {[%emt 0:01:06]} Bd3 {[%emt 0:04:21]} 34. Rg1 {[%emt 0:01:53]} c3 {[%emt 0:03:22]} 35. bxc3 {[%emt 0:08:27]} Bc4 {[%emt 0:00:03]} 36. Re4 {[%emt 0:00:11]} Rxa2+ {[%emt 0:03:22]} 37. Kb1 {[%emt 0:00:07]} Ra4 {[%emt 0:00:15]} 38. f6+ {[%emt 0:01:11]} Kb8 {[%emt 0:00:58]} 39. Re7 {[%emt 0:03:57]} Bd3+ {[%emt 0:00:53]} 40. Kb2 {[%emt 0:00:00]} Rxf4 {[%emt 0:00:00]} 41. f7 {[%emt 0:03:49]} Bc4 {[%emt 0:10:29]} 42. Bh5 {[%emt 0:00:37]} Rf2+ {[%emt 0:14:26]} 43. Kc1 {[%emt 0:00:46]} Rd5 {[%emt 0:02:15]} 44. Bg6 {[%emt 0:05:05]} Rd8 {[%emt 0:03:40]} 45. Rd1 {[%emt 0:03:25]} Rxd1+ {[%emt 0:00:39]} 46. Kxd1 {[%emt 0:00:07]} Ka7 {[%emt 0:00:39]} 47. Ke1 {[%emt 0:00:35]} Rf1+ {[%emt 0:00:03]} 48. Kd2 {[%emt 0:00:06]} a5 {[%emt 0:00:31]} 49. Rc7 {[%emt 0:05:37]} Be6 {[%emt 0:00:55]} 50. Ke2 {[%emt 0:00:14]} Rf6 {[%emt 0:00:25]} 51. Kd3 {[%emt 0:00:58]} Bf5+ {[%emt 0:01:46]} 52. Bxf5 {[%emt 0:00:34]} Rxf5 {[%emt 0:00:02]} 53. Rc5 {[%emt 0:04:38]} 1/2-1/2

[Event "VI Sunway Sitges Open 2019"]
[Site "Sitges"]
[Date "2019.12.20"]
[Round "8.40"]
[White "Narciso Dublan, Marc"]
[Black "Sarkar, Justin"]
[Result "0-1"]
[WhiteElo "2516"]
[BlackElo "2360"]
[Annotator "ChessBase"]
[PlyCount "114"]
[EventDate "2019.12.13"]
[EventType "swiss"]
[EventCountry "ESP"]
[SourceTitle "playchess.com"]
[Source "ChessBase"]
[SourceQuality "1"]
[TimeControl "40/5400+30:1800+30"]

1. e4 {[%emt 0:00:00]} e5 {[%emt 0:00:00]} 2. Nf3 {[%emt 0:00:02]} Nc6 {[%emt 0:00:22]} 3. Bb5 {[%emt 0:00:59]} a6 {[%emt 0:00:15]} 4. Ba4 {[%emt 0:00:21]} Nf6 {[%emt 0:03:58]} 5. Qe2 {[%emt 0:00:19]} b5 {[%emt 0:01:48]} 6. Bb3 {[%emt 0:00:09]} Bc5 {[%emt 0:00:12]} 7. d3 {[%emt 0:00:29]} h6 {[%emt 0:03:19]} 8. Nbd2 {[%emt 0:03:45]} O-O {[%emt 0:02:36]} 9. Nf1 {[%emt 0:02:26]} d5 {[%emt 0:11:30]} 10. c3 {[%emt 0:03:59]} d4 {[%emt 0:02:37]} 11. Ng3 {[%emt 0:11:37]} Qd6 {[%emt 0:24:33]} 12. O-O {[%emt 0:04:25]} Be6 {[%emt 0:06:24]} 13. Nh4 {[%emt 0:23:25]} Bxb3 {[%emt 0:08:26]} 14. axb3 {[%emt 0:00:10]} dxc3 {[%emt 0:00:26]} 15. bxc3 {[%emt 0:00:22]} b4 {[%emt 0:00:35]} 16. Ngf5 {[%emt 0:04:04]} Qe6 {[%emt 0:01:16]} 17. cxb4 {[%emt 0:03:59]} Nxb4 {[%emt 0:02:47]} 18. Ba3 {[%emt 0:16:34]} Rfd8 {[%emt 0:06:14]} 19. Rfc1 {[%emt 0:03:16]} Bf8 {[%emt 0:00:17]} 20. Bxb4 {[%emt 0:02:59]} Bxb4 {[%emt 0:00:04]} 21. Qe3 {[%emt 0:02:29]} Bf8 {[%emt 0:01:53]} 22. Rc3 {[%emt 0:06:35]} Rd7 {[%emt 0:04:01]} 23. Rac1 {[%emt 0:04:37]} Rad8 {[%emt 0:00:32]} 24. h3 {[%emt 0:00:43]} c5 {[%emt 0:01:56]} 25. g4 {[%emt 0:00:55]} Kh7 {[%emt 0:00:47]} 26. Nf3 {[%emt 0:00:52]} Ne8 {[%emt 0:03:48]} 27. Ne1 {[%emt 0:02:22]} g6 {[%emt 0:00:31]} 28. Nh4 {[%emt 0:00:21]} Nc7 {[%emt 0:04:38]} 29. Nhf3 {[%emt 0:00:15]} Nb5 {[%emt 0:00:11]} 30. Rc4 {[%emt 0:00:09]} Be7 {[%emt 0:00:42]} 31. Kh2 {[%emt 0:01:14]} Nd4 {[%emt 0:01:39]} 32. Nxd4 {[%emt 0:00:55]} exd4 {[%emt 0:00:25]} 33. Qf3 {[%emt 0:00:45]} Rb8 {[%emt 0:01:31]} 34. Rb1 {[%emt 0:00:38]} Rdb7 {[%emt 0:02:13]} 35. Qd1 {[%emt 0:00:17]} f5 {[%emt 0:01:26]} 36. exf5 {[%emt 0:00:45]} Bd6+ {[%emt 0:01:23]} 37. Kg1 {[%emt 0:00:38]} gxf5 {[%emt 0:00:07]} 38. Ng2 {[%emt 0:00:31]} fxg4 {[%emt 0:01:08]} 39. hxg4 {[%emt 0:00:22]} Rg7 {[%emt 0:00:43]} 40. f3 {[%emt 0:00:00]} Qe5 {[%emt 0:00:00]} 41. f4 {[%emt 0:01:22]} Qe6 {[%emt 0:02:42]} 42. g5 {[%emt 0:02:58]} Bxf4 {[%emt 0:01:18]} 43. Qf3 {[%emt 0:03:19]} Bxg5 {[%emt 0:05:13]} 44. Rxc5 {[%emt 0:02:10]} Be3+ {[%emt 0:02:09]} 45. Kh1 {[%emt 0:00:21]} Rbg8 {[%emt 0:17:29]} 46. Nxe3 {[%emt 0:10:48]} Rg3 {[%emt 0:00:56]} 47. Qxg3 {[%emt 0:00:48]} Rxg3 {[%emt 0:00:18]} 48. Nf5 {[%emt 0:00:06]} Rh3+ {[%emt 0:02:51]} 49. Kg2 {[%emt 0:00:17]} Rxd3 {[%emt 0:00:30]} 50. Rb2 {[%emt 0:09:58]} Qe4+ {[%emt 0:00:29]} 51. Kg1 {[%emt 0:00:22]} Qg4+ {[%emt 0:03:33]} 52. Rg2 {[%emt 0:01:47]} Rd1+ {[%emt 0:00:11]} 53. Kh2 {[%emt 0:00:06]} Qf4+ {[%emt 0:00:40]} 54. Rg3 {[%emt 0:00:14]} h5 {[%emt 0:00:56]} 55. Ne3 {[%emt 0:03:15]} Qh4+ {[%emt 0:00:14]} 56. Kg2 {[%emt 0:00:22]} Qh1+ {[%emt 0:00:28]} 57. Kf2 {[%emt 0:00:04]} Rd2# {[%emt 0:00:07]} 0-1

[Event "VI Sunway Sitges Open 2019"]
[Site "Sitges"]
[Date "2019.12.20"]
[Round "8.41"]
[White "Raja Rithvik R"]
[Black "Barseghyan, Harutyun"]
[Result "1/2-1/2"]
[WhiteElo "2381"]
[BlackElo "2498"]
[Annotator "ChessBase"]
[PlyCount "62"]
[EventDate "2019.12.13"]
[EventType "swiss"]
[EventCountry "ESP"]
[SourceTitle "playchess.com"]
[Source "ChessBase"]
[SourceQuality "1"]
[TimeControl "40/5400+30:1800+30"]

1. d4 {[%emt 0:02:03]} Nf6 {[%emt 0:00:00]} 2. c4 {[%emt 0:00:35]} e6 {[%emt 0:00:08]} 3. Nc3 {[%emt 0:00:13]} Bb4 {[%emt 0:00:16]} 4. Qc2 {[%emt 0:00:16]} d5 {[%emt 0:01:58]} 5. cxd5 {[%emt 0:00:23]} exd5 {[%emt 0:00:05]} 6. Bg5 {[%emt 0:00:14]} h6 {[%emt 0:00:22]} 7. Bh4 {[%emt 0:00:36]} Nc6 {[%emt 0:00:41]} 8. e3 {[%emt 0:01:01]} g5 {[%emt 0:00:05]} 9. Bg3 {[%emt 0:00:09]} h5 {[%emt 0:00:10]} 10. h3 {[%emt 0:19:34]} Ne4 {[%emt 0:01:17]} 11. Bh2 {[%emt 0:00:41]} Qe7 {[%emt 0:01:43]} 12. Bb5 {[%emt 0:07:39]} Bf5 {[%emt 0:15:22]} 13. Qb3 {[%emt 0:01:08]} O-O-O {[%emt 0:00:58]} 14. Nge2 {[%emt 0:10:12]} Na5 {[%emt 0:16:49]} 15. Qa4 {[%emt 0:01:24]} a6 {[%emt 0:00:09]} 16. a3 {[%emt 0:01:27]} Nxc3 {[%emt 0:15:26]} 17. Nxc3 {[%emt 0:00:05]} Bxc3+ {[%emt 0:00:12]} 18. bxc3 {[%emt 0:00:06]} Nc4 {[%emt 0:01:04]} 19. Bxc4 {[%emt 0:00:19]} dxc4 {[%emt 0:00:48]} 20. Qxc4 {[%emt 0:00:44]} Be4 {[%emt 0:01:12]} 21. f3 {[%emt 0:04:31]} Bd5 {[%emt 0:00:50]} 22. Qe2 {[%emt 0:02:31]} g4 {[%emt 0:02:35]} 23. Bf4 {[%emt 0:05:36]} gxf3 {[%emt 0:01:55]} 24. gxf3 {[%emt 0:00:05]} Qe6 {[%emt 0:04:27]} 25. Kd2 {[%emt 0:05:35]} Rhg8 {[%emt 0:02:30]} 26. Rag1 {[%emt 0:04:12]} Bc4 {[%emt 0:13:08]} 27. Qf2 {[%emt 0:03:47]} Qf5 {[%emt 0:04:33]} 28. Kc1 {[%emt 0:00:35]} f6 {[%emt 0:00:18]} 29. h4 {[%emt 0:03:24]} Qb5 {[%emt 0:01:53]} 30. Qb2 {[%emt 0:01:35]} Qxb2+ {[%emt 0:02:37]} 31. Kxb2 {[%emt 0:00:05]} Be2 {[%emt 0:00:03]} 1/2-1/2

[Event "VI Sunway Sitges Open 2019"]
[Site "Sitges"]
[Date "2019.12.20"]
[Round "8.42"]
[White "Vega Gutierrez, Sabrina"]
[Black "Firat, Burak"]
[Result "1-0"]
[WhiteElo "2360"]
[BlackElo "2475"]
[Annotator "ChessBase"]
[PlyCount "77"]
[EventDate "2019.12.13"]
[EventType "swiss"]
[EventCountry "ESP"]
[SourceTitle "playchess.com"]
[Source "ChessBase"]
[SourceQuality "1"]
[TimeControl "40/5400+30:1800+30"]

1. e4 {[%emt 0:00:00]} c5 {[%emt 0:00:00]} 2. Nf3 {[%emt 0:00:00]} d6 {[%emt 0:00:05]} 3. d4 {[%emt 0:00:00]} cxd4 {[%emt 0:00:07]} 4. Nxd4 {[%emt 0:00:01]} Nf6 {[%emt 0:00:05]} 5. Nc3 {[%emt 0:00:09]} a6 {[%emt 0:00:16]} 6. f3 {[%emt 0:01:08]} e5 {[%emt 0:00:37]} 7. Nb3 {[%emt 0:00:09]} Be6 {[%emt 0:00:53]} 8. Be3 {[%emt 0:00:29]} h5 {[%emt 0:01:06]} 9. Qd2 {[%emt 0:00:40]} Nbd7 {[%emt 0:00:27]} 10. Nd5 {[%emt 0:00:38]} Bxd5 {[%emt 0:01:00]} 11. exd5 {[%emt 0:00:14]} g6 {[%emt 0:06:37]} 12. O-O-O {[%emt 0:00:43]} Nb6 {[%emt 0:05:00]} 13. Qa5 {[%emt 0:00:31]} Bh6 {[%emt 0:01:18]} 14. Bxh6 {[%emt 0:00:49]} Rxh6 {[%emt 0:00:04]} 15. Qd2 {[%emt 0:00:43]} Rh8 {[%emt 0:02:34]} 16. f4 {[%emt 0:00:19]} Kf8 {[%emt 0:03:47]} 17. fxe5 {[%emt 0:11:26]} dxe5 {[%emt 0:01:07]} 18. d6 {[%emt 0:05:04]} Kg7 {[%emt 0:01:34]} 19. Be2 {[%emt 0:07:37]} Nbd7 {[%emt 0:02:41]} 20. Rhe1 {[%emt 0:10:09]} Re8 {[%emt 0:14:57]} 21. Qb4 {[%emt 0:05:29]} b5 {[%emt 0:17:29]} 22. h3 {[%emt 0:25:31]} Rc8 {[%emt 0:08:41]} 23. a4 {[%emt 0:00:33]} bxa4 {[%emt 0:03:26]} 24. Qxa4 {[%emt 0:00:03]} Qb6 {[%emt 0:01:03]} 25. Kb1 {[%emt 0:00:54]} Rc6 {[%emt 0:07:43]} 26. g4 {[%emt 0:01:58]} Rec8 {[%emt 0:03:09]} 27. Rd2 {[%emt 0:22:20]} hxg4 {[%emt 0:00:16]} 28. hxg4 {[%emt 0:00:02]} Qe3 {[%emt 0:00:18]} 29. g5 {[%emt 0:03:16]} Ne4 {[%emt 0:04:49]} 30. Rdd1 {[%emt 0:00:01]} Rxc2 {[%emt 0:02:08]} 31. Bg4 {[%emt 0:04:00]} Nc3+ {[%emt 0:09:06]} 32. Ka1 {[%emt 0:00:11]} Qg3 {[%emt 0:00:52]} 33. Qxd7 {[%emt 0:00:42]} Nxd1 {[%emt 0:00:52]} 34. Be6 {[%emt 0:00:37]} Qf3 {[%emt 0:02:07]} 35. Qe7 {[%emt 0:00:17]} Rf8 {[%emt 0:00:38]} 36. d7 {[%emt 0:00:16]} Nxb2 {[%emt 0:00:30]} 37. Qxf8+ {[%emt 0:00:13]} Kxf8 {[%emt 0:00:02]} 38. d8=Q+ {[%emt 0:00:11]} Kg7 {[%emt 0:00:02]} 39. Bd5 {[%emt 0:00:47]} 1-0

[Event "VI Sunway Sitges Open 2019"]
[Site "Sitges"]
[Date "2019.12.20"]
[Round "8.43"]
[White "Larino Nieto, David"]
[Black "Sankalp Gupta"]
[Result "1-0"]
[WhiteElo "2475"]
[BlackElo "2365"]
[Annotator "ChessBase"]
[PlyCount "71"]
[EventDate "2019.12.13"]
[EventType "swiss"]
[EventCountry "ESP"]
[SourceTitle "playchess.com"]
[Source "ChessBase"]
[SourceQuality "1"]
[TimeControl "40/5400+30:1800+30"]

1. Nf3 {[%emt 0:28:27]} d5 {[%emt 0:00:03]} 2. b3 {[%emt 0:00:05]} Bg4 {[%emt 0:00:07]} 3. h3 {[%emt 0:00:29]} Bxf3 {[%emt 0:01:01]} 4. exf3 {[%emt 0:00:02]} Nf6 {[%emt 0:00:08]} 5. Bb2 {[%emt 0:00:05]} Nbd7 {[%emt 0:00:12]} 6. f4 {[%emt 0:00:03]} e6 {[%emt 0:01:13]} 7. g3 {[%emt 0:00:12]} g6 {[%emt 0:00:21]} 8. Bg2 {[%emt 0:00:03]} Bg7 {[%emt 0:00:03]} 9. O-O {[%emt 0:00:07]} O-O {[%emt 0:00:03]} 10. c4 {[%emt 0:00:27]} c6 {[%emt 0:00:12]} 11. d3 {[%emt 0:00:24]} a5 {[%emt 0:00:37]} 12. Nd2 {[%emt 0:00:14]} a4 {[%emt 0:02:01]} 13. Ba3 {[%emt 0:00:54]} Re8 {[%emt 0:00:37]} 14. b4 {[%emt 0:00:17]} e5 {[%emt 0:31:12]} 15. fxe5 {[%emt 0:00:57]} Nxe5 {[%emt 0:00:08]} 16. Qc2 {[%emt 0:00:22]} Qb6 {[%emt 0:04:24]} 17. Rfd1 {[%emt 0:14:34]} Qd4 {[%emt 0:04:24]} 18. Nf3 {[%emt 0:00:10]} Nxf3+ {[%emt 0:00:05]} 19. Bxf3 {[%emt 0:00:02]} Nh5 {[%emt 0:00:14]} 20. Kg2 {[%emt 0:01:17]} Qe5 {[%emt 0:06:42]} 21. cxd5 {[%emt 0:03:49]} cxd5 {[%emt 0:03:33]} 22. Rac1 {[%emt 0:00:52]} Qg5 {[%emt 0:00:42]} 23. h4 {[%emt 0:01:15]} Qf5 {[%emt 0:03:48]} 24. Qc7 {[%emt 0:02:26]} Rab8 {[%emt 0:03:06]} 25. Qb6 {[%emt 0:06:02]} Re6 {[%emt 0:01:59]} 26. Qb5 {[%emt 0:02:05]} Rd8 {[%emt 0:01:14]} 27. d4 {[%emt 0:03:26]} Bf8 {[%emt 0:17:22]} 28. Qxb7 {[%emt 0:05:10]} Nxg3 {[%emt 0:02:05]} 29. Qc7 {[%emt 0:09:27]} Rdd6 {[%emt 0:00:33]} 30. Kxg3 {[%emt 0:02:27]} g5 {[%emt 0:01:40]} 31. h5 {[%emt 0:08:26]} Rf6 {[%emt 0:02:21]} 32. Rc3 {[%emt 0:01:10]} Rde6 {[%emt 0:06:18]} 33. b5 {[%emt 0:03:52]} Bxa3 {[%emt 0:04:59]} 34. Rxa3 {[%emt 0:00:02]} Re4 {[%emt 0:00:13]} 35. Kg2 {[%emt 0:00:30]} Rf4 {[%emt 0:01:38]} 36. h6 {[%emt 0:01:05]} 1-0